Statistics for Bougainville Country Quiz

Click here to take the quiz!

General Stats

  • This quiz has been taken 3 times
  • The average score is 8 of 15

Answer Stats

HintAnswer% Correct
Year it will gain independence2027
100%
Percentage of the population that voted for independence back in 201998%
100%
Country that held Bougainville as well as the rest of Papua New GuineaAustralia
100%
Official language of BougainvilleEnglish
100%
Country which took over Bougainville during World War TwoJapanese Empire
100%
Country Bougainville will gain independence fromPapua New Guinea
100%
And the final country to colonize itUnited States
100%
Sub-region of Oceania that Bougainville is a part ofMelanesia
67%
Largest city in BougainvilleArawa
0%
What is the capital city of BougainvilleBuka-Town
0%
Metal that is commonly mined in BougainvilleCopper
0%
Country that colonized Bougainville in 1884Germany
0%
Mine shaft that sparked a civil war on the islandPanguna Mine
0%
Archipelago Bougainville is inSolomon Islands
0%
Typical headdress in Bougainville that is on the flagUpe
0%

Score Distribution

Percentile by Number Answered

Percent of People with Each Score

Your Score History

You have not taken this quiz